| 000 | 01172nam a22002657a 4500 | ||
|---|---|---|---|
| 001 | 7244 | ||
| 003 | FISKH | ||
| 005 | 20250827093540.0 | ||
| 008 | 250704b cb ||||| |||| 00| 0 eng d | ||
| 020 | _a9781740898218 | ||
| 040 |
_aFISKH _beng _cFISKH _dFISKH |
||
| 050 | _aPZ7 | ||
| 082 | _a333.79 | ||
| 100 | _aMcAllan, Kate | ||
| 245 |
_aEnergy : _bTop readers / _cKate McAllan |
||
| 260 |
_aSydney : _bWeldon Owen, _c2008. |
||
| 300 |
_a32 pages : _bcolor illustrations ; _c23 cm |
||
| 505 | _aP | ||
| 520 | _aEnergy is an engaging nonfiction book that introduces young readers to the concept of energy and how it powers our world. Written in clear, accessible language for independent readers, the book explains what energy is and where it comes from different types of energy sources: solar, wind, water (hydro), and even energy from garbage, how energy is used in our homes, schools, and transportation, why conserving energy is important for the planet. | ||
| 521 | 8 |
_a600
_bLexile estimate |
|
| 521 | 8 |
_aP
_bRaz-Plus |
|
| 650 |
_aEnergy _vScience for kids _xEnvironmental science _yRenewable energy |
||
| 942 |
_2ddc _cBK _n0 |
||
| 999 |
_c7244 _d7244 |
||